| 000 | 01319cam a2200385 i 4500 | ||
|---|---|---|---|
| 999 |
_c24291 _d24291 |
||
| 001 | vtls002928880 | ||
| 003 | NUKAT | ||
| 005 | 20190327094335.0 | ||
| 008 | 131002s2013 pl a g |001 0 pol c | ||
| 020 | _a9788378210511 | ||
| 035 | _axx002928880 | ||
| 039 | 9 |
_a201601120943 _buph _c201401211446 _dkopugd _c201401141318 _dumcs _c201312111312 _dvpism |
|
| 040 |
_aKR U/RB _cKR U/RB _dKR U/RB _dKR U/ANTs |
||
| 245 | 0 | 0 |
_aPerspektywy nowego ładu światowego : _bpraca zbiorowa / _cpod red. nauk. Longina Pastusiaka. |
| 260 |
_aWarszawa : _bOficyna Wydawniczo-Poligraficzna "Adam", _c2013. |
||
| 300 |
_a358 s. : _bil. ; _c24 cm. |
||
| 336 |
_2rdacontent _aTekst _btxt |
||
| 337 |
_2rdamedia _aBez urządzenia pośredniczącego _bn |
||
| 338 |
_2rdacarrier _aWolumin _bnc |
||
| 504 | _aBibliogr. przy pracach. Indeks. | ||
| 536 | _aFinansowanie: Narodowe Centrum Nauki. | ||
| 650 |
_aStosunki międzynarodowe _y2001-. |
||
| 700 | 1 |
_aPastusiak, Longin _d(1935- ). _eRed. |
|
| 710 | 2 |
_aOficyna Wydawniczo-Poligraficzna i Reklamowo-Handlowa "Adam". _4pbl |
|
| 920 | _a978-83-7821-051-1 | ||
| 942 |
_2ddc _cBK |
||
| 960 | _aGD_U | ||
| 967 | _aLUBL_U | ||
| 980 | _aSZCZ_M | ||